Swamy's Interpretations on Service Rules (Record no. 1679821)
[ view plain ]
| 000 -LEADER | |
|---|---|
| fixed length control field | 00881 a2200253 4500 |
| 005 - DATE AND TIME OF LATEST TRANSACTION | |
| control field | 20260430134741.0 |
| 008 - FIXED-LENGTH DATA ELEMENTS--GENERAL INFORMATION | |
| fixed length control field | 260422b |||||||| |||| 00| 0 eng d |
| 037 ## - SOURCE OF ACQUISITION | |
| Terms of availability | REF |
| 040 ## - CATALOGING SOURCE | |
| Original cataloging agency | CRL |
| Transcribing agency | CRL |
| 041 ## - LANGUAGE CODE | |
| Source of code | eng |
| Language code of text/sound track or separate title | eng |
| 084 ## - COLON CLASSIFICATION NUMBER | |
| Classification number | X:95 R2.6 (RR) |
| Assigning agency | CRL |
| 100 ## - MAIN ENTRY--PERSONAL NAME | |
| Personal name | Muthuswami |
| 9 (RLIN) | 1235387 |
| 245 ## - TITLE STATEMENT | |
| Title | Swamy's Interpretations on Service Rules |
| 260 ## - PUBLICATION, DISTRIBUTION, ETC. | |
| Place of publication, distribution, etc. | Chennai, India: |
| Name of publisher, distributor, etc. | Swamy Publishers, |
| Date of publication, distribution, etc. | 2022. |
| 300 ## - PHYSICAL DESCRIPTION | |
| Extent | Vol. 6 (xi, 1-96p.) |
| 365 ## - TRADE PRICE | |
| Price amount | 220.00 |
| Currency code | INR |
| 490 ## - SERIES STATEMENT | |
| Series statement | Swamy's Compilation |
| -- | Swamy's Manual |
| -- | Swamy's Handbook |
| Volume/sequential designation | Vol. 6 |
| 650 #0 - SUBJECT ADDED ENTRY--TOPICAL TERM | |
| Topical term or geographic name entry element | Economics |
| 9 (RLIN) | 351406 |
| 650 #0 - SUBJECT ADDED ENTRY--TOPICAL TERM | |
| Topical term or geographic name entry element | Employment and service |
| 9 (RLIN) | 236902 |
| 700 ## - ADDED ENTRY--PERSONAL NAME | |
| Personal name | Brinda |
| Relator term | author. |
| 9 (RLIN) | 1235303 |
| 700 ## - ADDED ENTRY--PERSONAL NAME | |
| Personal name | Sanjeev |
| Relator term | author. |
| 942 ## - ADDED ENTRY ELEMENTS (KOHA) | |
| Koha item type | Reference |
| Source of classification or shelving scheme | Colon Classification (CC) |
| Classification part | X:95 R2.6 (RR) |
| Withdrawn status | Lost status | Source of classification or shelving scheme | Damaged status | Not for loan | Home library | Current library | Shelving location | Date acquired | Source of acquisition | Cost, normal purchase price | Inventory number | Total Checkouts | Full call number | Barcode | Date last seen | Cost, replacement price | Price effective from | Koha item type |
|---|---|---|---|---|---|---|---|---|---|---|---|---|---|---|---|---|---|---|
| Colon Classification (CC) | Central Library | Central Library | Staff Office | 2026-02-18 | 4/ Classic Book Service | 198.00 | 287 & 2026-02-18 | X:95 R2.6 | CL1926584 | 2026-02-18 | 220.00 | 2026-02-18 | Reference |
